| 000 | 00508nam a2200169 i 4500 | ||
|---|---|---|---|
| 001 | 85995 | ||
| 003 | ES-MaACL | ||
| 007 | t| | ||
| 008 | 041203s1982 sp ||||1| spa d | ||
| 100 | 1 |
_aKendal, Brian. _967821 |
|
| 245 | 1 | 0 |
_aManual de aviónica / _cBrian Kendal ; [traducido por José Muñoz y Andrés Melo]. |
| 260 |
_aMadrid : _bParaninfo, _c1982. |
||
| 300 |
_a335 p. : _bil. ; _c22 cm. |
||
| 700 | 1 |
_aMuñoz, José. _984317 |
|
| 700 | 1 |
_aMelo, Andrés. _980010 |
|
| 852 |
_aES-MaACL _jL-3881 _bR.104507 |
||
| 999 |
_c85995 _d85995 |
||